00728nam a2200229Ia 450000500170000000800410001702000260005804000190008404100120010308200130011510000230012824500500015126000590020130000140026050400500027465000180032465100190034285000110036194200070037299900170037995201020039620230707090523.0140110s9999 xx 000 0 und d a9780750939607cRs 712 aLoreto College aEnglish a951bCLE aClements, Jonathan 4aThe First Emperor of ChinacJonathan Clements aChalford, Gloucestershire, UKbSutton Publishingc2007 axvi,224p  aIncludes bibliographical references and index aHistory-China aChina, History aLCLIB  cBK c30773d81252 00102ddc4070aMAINbMAINd2013-11-04l0o951 CLE 47086pB33622r2013-11-04w2013-11-04yBKf